000 01324cam a22003617a 4500
003 CHAP
005 20220329141841.0
008 980206d1997 mx r 00110 spa d
010 _a74773
011 _a75745
035 _a85314
040 _cCHAP
090 _aTesis
100 0 0 _aGalindo Reyes, Manuel Antonio.
_944308
245 1 0 _aComportamiento de la frambuesa roja (Rubus idaeus L.) cv. Malling Autumn, influenciada por la poda total en diferentes épocas del año
_c/por Manuel Antonio Galindo Reyes
260 _aChapingo, Méx. :
_bEl autor,
_c1997.
300 _a61 h. :
_bgráfs.
502 _aTesis (Ing. Agr. Esp. en Fitotecnia) -- UACH. Departamento de Fitotecnia
590 _aALEPH
_b10
_c20130110
_lUCH01
_h1421
590 _aBATCH-UPD
_b10
_c20130110
_lUCH01
_h0546
590 _aBATCH-UPD
_b10
_c20130110
_lUCH01
_h2359
590 _aBATCH-UPD
_b10
_c20130410
_lUCH01
_h0228
590 _aBATCH-UPD
_b10
_c20130914
_lUCH01
_h1435
590 _aCONVERSION
_b10
_c20130109
_lUCH01
_h1341
650 1 4 _aFrambuesa
_xMéxico (Edo.)
_942886
650 1 4 _aFrambuesa
_xPoda.
_942889
650 1 4 _aFrambuesa
_xRendimiento.
_942892
901 _aBK
905 _aLilia Sánchez G.
942 _cFOLL
949 _bBC
_cTES
_d33724000586764
_eTS2
_fc.2
_h32323
_i85314
_si
949 _bBC
_cTES
_d853141
_eTS1
_h32322
_i85314
_sb
999 _c74773
_d74773